00375 2200145 4500001002100000008004100021035002000062245002600082100001300108260004100121300002000162082001400182650002000196990001300216INLIS000000000000479 ind  a0010-0322000479 aINANG TERSAYANGcIKHA aFIDELARA aJAKARTAbBINA SUMBER DAYA MIPAc2010 a54 hlm.c25 cm. a899.221 3 aFIKSI INDONESIA a102666-1